Southville International School and Colleges
Your cart is empty.
  • Cart
  • Lists
    Public lists Eva Luna New books Lux_list list_1
    Your lists Log in to create your own lists
  • Log in to your account
  • Your cookies
  • Search history
Southville International School and Colleges
  • Advanced search
  • Recent comments
  • Most popular
  • Libraries

Log in to your account

Log in with GOOGLE


If you do not have an external account, but do have a local account, you can still log in:

  1. Home
  2. MARC view: My Summer camp diary /
Normal view MARC view ISBD view

My Summer camp diary / (Record no. 110821)

[ view plain ]
MARC details
000 -LEADER
fixed length control field 00444nam a2200169 a 4500
001 - CONTROL NUMBER
control field 1029
005 - DATE AND TIME OF LATEST TRANSACTION
control field 20140414131904.0
008 - FIXED-LENGTH DATA ELEMENTS--GENERAL INFORMATION
fixed length control field 041014s19uu xx 00 eng d
020 ## - INTERNATIONAL STANDARD BOOK NUMBER
International Standard Book Number 0-590-48398-6
050 ## - LIBRARY OF CONGRESS CALL NUMBER
Classification number FIC
Item number C11 1995
100 ## - MAIN ENTRY--PERSONAL NAME
Personal name Calmeson, Stephanie
245 ## - TITLE STATEMENT
Title My Summer camp diary /
Statement of responsibility, etc by Stephanie Calmeson.
260 ## - PUBLICATION, DISTRIBUTION, ETC. (IMPRINT)
Place of publication, distribution, etc New York :
Name of publisher, distributor, etc Scholastic,
Date of publication, distribution, etc 1995.
300 ## - PHYSICAL DESCRIPTION
Extent 95 p. : ill. ; cm.
650 ## - SUBJECT ADDED ENTRY--TOPICAL TERM
Topical term or geographic name as entry element Fiction.
Holdings
Withdrawn status Lost status Damaged status Use restrictions Home library Current library Shelving location Date acquired Source of acquisition Total Checkouts Full call number Barcode Date last seen Price effective from Koha item type
        Munich Library Munich Library Fiction Section 10/14/2004     FIC C11 1995 M1324 04/14/2014 04/14/2014 Books

My Summer camp diary /

APA

Calmeson S., . (1995). My Summer camp diary. New York: Scholastic.

Chicago

Calmeson Stephanie, . 1995. My Summer camp diary. New York: Scholastic.

Harvard

Calmeson S., . (1995). My Summer camp diary. New York: Scholastic.

MLA

Calmeson Stephanie, . My Summer camp diary. New York: Scholastic. 1995.

  • Place hold
  • Print
  • Cite
  • Add to your cart (remove)
  • Save record
    BIBTEX Dublin Core MARCXML MARC (non-Unicode/MARC-8) MARC (Unicode/UTF-8) MARC (Unicode/UTF-8, Standard) MODS (XML) RIS
  • More searches
    Search for this title in:
    Other Libraries (WorldCat) Other Databases (Google Scholar) Online Stores (Bookfinder.com) Open Library (openlibrary.org)

Exporting to Dublin Core...

SOUTHVILLE LIBRARY

Southville International School and Colleges Library

1281 Tropical Ave. Cor. Luxembourg St., BF Homes International, Las Pinas City

Tel. No. 8256374 / 252358 Loc. 117/146

Powered by Koha